Final Fantasy 7 Materia - Statistics

General Stats
  • This quiz has been taken 1,179 times
  • The average score is 32 of 81
Answer Stats
Hint Answer % Correct
Magic Fire
99%
Magic Ice
95%
Magic Lightning
92%
Summon Shiva
87%
Summon Ifrit
85%
Summon Bahamut
81%
Summon Choco / Mog
78%
Magic Restore
75%
Summon Knights of the Round
74%
Command Steal
70%
Magic Poison
66%
Summon Bahamut ZERO
65%
Support All
64%
Magic Heal
64%
Independent HP Plus
63%
Summon Ramuh
63%
Magic Earth
62%
Independent MP Plus
62%
Summon Neo Bahamut
61%
Summon Odin
57%
Summon Titan
57%
Summon Leviathan
56%
Magic Ultima
56%
Command Enemy Skill
52%
Summon Phoenix
49%
Magic Time
46%
Summon Alexander
44%
Summon Hades
44%
Magic Comet
43%
Independent Magic Plus
41%
Magic Revive
41%
Magic Barrier
39%
Magic Gravity
38%
Independent Counter
37%
Support Elemental
37%
Command Deathblow
34%
Command Mime
34%
Summon Kjata
33%
Independent Luck Plus
33%
Summon Typoon
33%
Command Sense
32%
Independent Cover
31%
Independent Chocobo Lure
30%
Command Double Cut
30%
Command Throw
30%
Magic Transform
28%
Magic Contain
27%
Command Manipulate
27%
Command Morph
26%
Independent Speed Plus
26%
Independent HP <--> MP
25%
Magic Shield
25%
Command Slash-All
25%
Magic Seal
24%
Magic Fullcure
23%
Independent Gil Plus
23%
Magic Destruct
22%
Magic Master Magic
22%
Support Added Effect
21%
Independent Exp. Plus
21%
Support Quadra Magic
21%
Independent Enemy Lure
20%
Independent Long Range
20%
Command Master Command
20%
Independent Underwater
20%
Support Final Attack
19%
Support Steal As Well
19%
Independent Enemy Away
18%
Independent Mega All
17%
Support MP Absorb
17%
Magic Mystify
17%
Support HP Absorb
16%
Support Added Cut
15%
Magic Exit
14%
Support Magic Counter
14%
Support MP Turbo
14%
Independent Pre-Emptive
13%
Command X-Item
11%
Command X-Summon
11%
Command X-Magic
10%
Support Sneak Attack
8%
No matching quizzes found
Score Distribution
Percent of People with Each Score
Percentile by Number Answered
Your Score History
You have not taken this quiz